000 00876nam a22002777a 4500
001 7021
003 FISKH
005 20250619083524.0
008 250619b cb ||||| |||| 00| 0 eng d
020 _a9781846433511
040 _aFISKH
_beng
_cFISKH
_dFISKH
050 _aPZ8 .T2965
082 _a782.421622100268
100 _aAdams, Pam
245 _aThis old man /
_cIllustrated by Pam Adams
260 _aSwidon :
_bChild's Play,
_c1974.
300 _a14 unnumbered pages :
_bcolor illustrations ;
_c21 cm
490 _aClassic Books with Holes
505 _aG
520 _aAn illustrated version of the traditional counting song. Some pages are die-cut, permitting a portion of the next illustration to be seen.
521 8 _a340
_bLexile
521 8 _aG
_bRaz-Plus
650 _aAddition
_vNursery Rhymes
942 _2ddc
_cBK
_n0
999 _c7021
_d7021